00230nam a2200073Ia 4500008004100000100003900041245007000080300000600150201231s9999 xx 000 0 und d aAlexander Hamilton Institute, Inc. 0aFinance and Accounting Program : Fast Track To Managerial Success a0